00789nam a22002297a 45000010005000000030006000050050017000110080041000280400029000690500008000980820008001061000026001142450030001402600041001703000048002115050007002595200201002665210027004675210018004946500021005126500026005339510FISKH20260116090851.0260116b cb ||||| |||| 00| 0 eng d aFISKHbengcFISKHdFISKH aPZ7 a914 aDutta, ShyamaeAuthor aLet's know about Europe / aPune :bUnicate Publications ;c2003 a12 unnumbered pages :bphotographs ;c20 cm aP  aLet’s Know Europe by Shyama Dutta introduces young readers to the continent of Europe, explaining its countries, people, culture, landmarks, and geography in simple, easy-to-understand language.8 a650 bLexile estimate 8 aP bRaz-Plus  aNaturevWildlife aContinentsvCountries